| 000 | 01062nam0a22002771 4500 | ||
|---|---|---|---|
| 001 | v19\rc\2026573 | ||
| 005 | 20260407122002.0 | ||
| 035 | _a(NLR Aleph) 005106672 | ||
| 090 |
_a7449077 _c7449077 |
||
| 100 | _a20080925d1916 u y0rusy50 ca | ||
| 101 | 0 | _arus | |
| 102 | _aRU | ||
| 105 | _ay z ||||| | ||
| 200 | 1 |
_aОбщие сведения _eСведения из уставов: внутренней службы и дисциплинарного _e[В вопр. и ответах] |
|
| 210 |
_aН.-Новгород _cтип. С. Петрова _dценз. 1916 |
||
| 215 |
_a60 с. _d17 |
||
| 309 | _aБез тит. л. и обл. | ||
| 500 | 1 | 0 |
_6z01712 _6z01712 _aУстав внутренней службы _aУстав дисциплинарный |
| 742 | 1 |
_aРоссия _tВоенные уставы и наставления _3RU\NLR\AUTH\889957977 _9412039 |
|
| 801 | 0 |
_aRU _bNLR _gpsbo |
|
| 801 | 0 |
_aRU _bRuMoRGB _2psbo |
|
| 801 | 1 |
_aRU _bProSoft-M _2rusmarc |
|
| 852 |
_aNLR _j37.77.8.1229 |
||
| 899 |
_aRuMoRGB _jV 286/425 |
||
| 942 | _cBOOK | ||
| 980 | _aNB | ||